Selección de terrenos para centros médico-asistenciales
محفوظ في:
| المؤلف الرئيسي: | |
|---|---|
| التنسيق: | غير معروف |
| منشور في: |
[San José, Costa Rica]
1965
|
| الوسوم: |
إضافة وسم
لا توجد وسوم, كن أول من يضع وسما على هذه التسجيلة!
|
MARC
| LEADER | 00000 a2200000 4500 | ||
|---|---|---|---|
| 003 | 011154 | ||
| 005 | 20221231143808.0 | ||
| 008 | 140114s19 cr a m 000 ||s d | ||
| 040 | |c cru CEDI | ||
| 090 | |a TFG 187 | ||
| 100 | |a Masís Dibiasi, Rodrigo |9 17479 | ||
| 245 | |a Selección de terrenos para centros médico-asistenciales | ||
| 260 | |c 1965 |a [San José, Costa Rica] | ||
| 300 | |a 23 hojas | ||
| 500 | |a A la cabeza de la portada Tesis de Incorporación como Arquitecto presentada ante la Facultad de Ingeniería de la Universidad de Costa Rica | ||
| 942 | |c TFG | ||
| 999 | |c 12085 |d 12085 | ||
